000 00714nam a2200265Ia 4500
008 160803s9999 xx 000 0 und d
020 _a0 590471813
100 _aNewberry, Clare Turlay
245 _aMarshmallow /
245 _cstory and pictures by Clare Turlay Newberry.
260 _aNew York :
260 _bScholastic Inc.
260 _c1970
300 _aunnumbered pages :
300 _bcolor illustrations ;
300 _c23 x 28 cm.
500 _aOriginally published: New York : HarperCollins Publishers, c1970.
650 _aCats --
650 _aFriendship --
650 _aRabbits --
650 _xFiction.
650 _xFiction.
650 _xFiction.
700 _a1000
999 _c299148
_d299148